Vývoj hypotekárneho trhu v jednotlivých krajinách V4

Aktuálny vývoj hypotekárnych úverov a s ním súvisiaci vývoj cien nehnuteľností na hypotekárnom trhu v jednotlivých krajinách V4. Analýza ukazovateľov, najviac súvisiacich s hypotekárnymi úvermi, konkrétne to sú: objem hypotekárnych úverov a úrokové sadzby hypotekárnych úverov za obdobie 2012-2016.

Salvato in:
Dettagli Bibliografici
Autore principale: Rudinská, Helena
Altri autori: Strejček, Petr
Natura: Capitolo di libro
Lingua:slovacco
Soggetti:
Tags: Aggiungi Tag
Nessun Tag, puoi essere il primo ad aggiungerne!!

MARC

LEADER 00000naa a2200000 4500
001 0236114
005 20220805075236.4
041 0 |a slo 
044 |a CZ 
245 1 0 |a Vývoj hypotekárneho trhu v jednotlivých krajinách V4  |c Helena Rudinská, Petr Strejček 
520 |a Aktuálny vývoj hypotekárnych úverov a s ním súvisiaci vývoj cien nehnuteľností na hypotekárnom trhu v jednotlivých krajinách V4. Analýza ukazovateľov, najviac súvisiacich s hypotekárnymi úvermi, konkrétne to sú: objem hypotekárnych úverov a úrokové sadzby hypotekárnych úverov za obdobie 2012-2016. 
610 2 0 |a Slovensko 
610 2 0 |a úver hypotekárny 
610 2 0 |a trh hypotekárny 
610 2 0 |a sadzby úrokové 
610 2 0 |a Česko 
610 2 0 |a Poľsko 
610 2 0 |a Maďarsko 
610 2 0 |a Vyšehradská štvorka 
100 1 |a Rudinská, Helena 
700 1 |a Strejček, Petr